000
00287nam a22001337a 4500
008
190222b xxu||||| |||| 00| 0 eng d
020
_a
128519408
041
_a
eng
080
_2
10e
_a
510
100
_a
36
101
_a
MAT
245
_a
Elementary Algebra
_c
Kaufmann
942
_2
udc
_c
BK
999
_c
54133
_d
54133